[Event "Amager AMSF Gr5"]
[Site "Amager"]
[Date "2016.09.06"]
[Round "3"]
[White "Sorensen, Ole"]
[Black "Hvidberg, Rasmus"]
[Result "1/2-1/2"]
[WhiteElo "1486"]
[BlackElo "1488"]
[PlyCount "39"]
[EventDate "2016.08.16"]
[EventType "tourn"]
[EventRounds "7"]
[EventCountry "DEN"]
[SourceTitle "EXT 2023"]
[Source "ChessBase"]
[SourceDate "2022.10.05"]
[SourceVersion "1"]
[SourceVersionDate "2022.10.05"]
[SourceQuality "1"]

1. d4 Nf6 2. c4 e6 3. g3 d5 4. Bg2 Bb4+ 5. Bd2 Bxd2+ 6. Nxd2 0-0 7. Ngf3 b6 8. Ne5 Bb7 9. 0-0 c5 10. dxc5 bxc5 11. Qc2 Qc7 12. Ndf3 Na6 13. a3 d4 14. Qa4 Rfd8 15. Nd3 Re8 16. Nfe5 Bxg2 17. Kxg2 Nb8 18. b4 Nbd7 19. Nxd7 Nxd7 20. Rab1 1/2-1/2

[Event "Amager AMSF Gr5"]
[Site "Amager"]
[Date "2016.08.16"]
[Round "1"]
[White "Gade, Jens"]
[Black "Sorensen, Ole"]
[Result "1/2-1/2"]
[WhiteElo "1472"]
[BlackElo "1486"]
[PlyCount "38"]
[EventDate "2016.08.16"]
[EventType "tourn"]
[EventRounds "7"]
[EventCountry "DEN"]
[SourceTitle "EXT 2023"]
[Source "ChessBase"]
[SourceDate "2022.10.05"]
[SourceVersion "1"]
[SourceVersionDate "2022.10.05"]
[SourceQuality "1"]

1. e4 e5 2. Nf3 Nf6 3. Nc3 Nc6 4. d4 exd4 5. Nxd4 Bb4 6. f3 0-0 7. Nxc6 bxc6 8. Bd2 Re8 9. a3 Bf8 10. Bd3 d5 11. 0-0 h6 12. Re1 d4 13. Ne2 Rb8 14. Rb1 c5 15. c4 Bd7 16. Nf4 Bd6 17. Qc1 c6 18. Ne2 Qc7 19. g3 Rf8 1/2-1/2

[Event "Amager-ch"]
[Site "Amager"]
[Date "2015.09.22"]
[Round "5"]
[White "Sorensen, Ole"]
[Black "Varming, Thomas"]
[Result "1/2-1/2"]
[WhiteElo "1612"]
[BlackElo "1853"]
[PlyCount "32"]
[EventDate "2015.08.18"]
[EventType "swiss"]
[EventRounds "7"]
[EventCountry "DEN"]
[SourceTitle "EXT 2023"]
[Source "ChessBase"]
[SourceDate "2022.10.05"]
[SourceVersion "1"]
[SourceVersionDate "2022.10.05"]
[SourceQuality "1"]

1. d4 Nf6 2. c4 c5 3. Nf3 cxd4 4. Nxd4 Nc6 5. Nc3 g6 6. e4 d6 7. Be2 Bg7 8. Be3 0-0 9. 0-0 Bd7 10. f4 Nxd4 11. Bxd4 Bc6 12. Bf3 e6 13. Kh1 Qe7 14. Be3 Nd7 15. Bd4 Nf6 16. Be3 Nd7 1/2-1/2

[Event "Amager-ch"]
[Site "Amager"]
[Date "2015.08.18"]
[Round "1"]
[White "Dupont, Michael Kim"]
[Black "Sorensen, Ole"]
[Result "0-1"]
[WhiteElo "1215"]
[BlackElo "1612"]
[PlyCount "56"]
[EventDate "2015.08.18"]
[EventType "swiss"]
[EventRounds "7"]
[EventCountry "DEN"]
[SourceTitle "EXT 2023"]
[Source "ChessBase"]
[SourceDate "2022.10.05"]
[SourceVersion "1"]
[SourceVersionDate "2022.10.05"]
[SourceQuality "1"]

1. e4 e6 2. d4 d5 3. exd5 exd5 4. Nf3 Nf6 5. Bf4 Be7 6. Nbd2 0-0 7. Bd3 Bg4 8. 0-0 Nc6 9. c3 Re8 10. Qc2 Bxf3 11. Nxf3 Bd6 12. Bg5 h6 13. Bh4 Be7 14. Rae1 Nh5 15. Bg3 Nxg3 16. fxg3 Qd6 17. Nd2 Bf6 18. b4 Nxb4 19. cxb4 Bxd4+ 20. Kh1 Qxb4 21. Nf3 Bb6 22. Ne5 Re7 23. Nf3 Rae8 24. Rxe7 Rxe7 25. h3 Qd6 26. Nh4 Qb4 27. Bh7+ Kh8 28. Nf5 Re1 0-1

[Event "Amager Aabne CC-ch B"]
[Site "Amager"]
[Date "2015.03.17"]
[Round "5"]
[White "Sorensen, Ole"]
[Black "Petersen, Christian"]
[Result "1/2-1/2"]
[WhiteElo "1711"]
[BlackElo "1685"]
[PlyCount "47"]
[EventDate "2015.01.20"]
[EventType "tourn"]
[EventRounds "7"]
[EventCountry "DEN"]
[SourceTitle "EXT 2023"]
[Source "ChessBase"]
[SourceDate "2022.10.05"]
[SourceVersion "1"]
[SourceVersionDate "2022.10.05"]
[SourceQuality "1"]

1. d4 Nf6 2. c4 g6 3. Nf3 Bg7 4. g3 d6 5. Bg2 0-0 6. Nc3 Nbd7 7. 0-0 e5 8. Qc2 Qe7 9. Rd1 c6 10. b3 e4 11. Ng5 d5 12. cxd5 cxd5 13. Nb5 Qb4 14. a4 Qa5 15. Ba3 Rd8 16. Nd6 Rf8 17. Ngxf7 Rxf7 18. Nxc8 Ng4 19. Bh3 Nxf2 20. Ne7+ Rxe7 21. Kxf2 Rf7+ 22. Kg1 Qb6 23. e3 Bf8 24. Bxd7 1/2-1/2